| 000 | 01103cam a22002531ia4500 | ||
|---|---|---|---|
| 003 | SA-RiAUC | ||
| 005 | 20250430080443.0 | ||
| 008 | 250428s2016____su f bm 000 0 ara c | ||
| 040 |
_aSA-JeALM _bara _cSA-RiAUC _erda |
||
| 043 | _aa-su--- | ||
| 082 | 0 | 4 | _a253.902 |
| 090 |
_a253.902 _b ا ب ن ع |
||
| 100 | 1 |
_aابن عنيق، ناصر بن ابراهيم بن ناصر _eمؤلف. |
|
| 245 | 1 | 0 |
_aحماية الأوقاف في الفقه الإسلامي وإجراءاتها القضائية في المملكة العربية السعودية / _cإعداد ناصر بن إبراهيم بن ناصر عنيق. |
| 264 | 0 |
_aالرياض : _bمؤسسة ساعي لتطوير الأوفاق. _c2018 |
|
| 300 |
_a713 صفحة ؛ _c30 سم |
||
| 336 |
_aنص _btxt _2rdacontent _3أطروحة |
||
| 337 |
_aبدون وسيط _bn _2rdamedia |
||
| 338 |
_aمجلد _bnc _2rdacarrier |
||
| 650 | 7 |
_aالوقف (فقه إسلامي) _2aucsh |
|
| 650 | 7 |
_aالوقف _xقوانين وتشريعات _zالسعودية _2aucsh |
|
| 942 |
_2ddc _cBOOK _n0 |
||
| 949 |
_aSA-JeALM _d250428 _umohamedma123 _n1 |
||
| 999 |
_c7470 _d7470 |
||